000 00529cam a2200193 4500
001 D6205
008 090401t1980 xxu||||| |||| 00| 0 eng d
035 _a(Sirsi) u90604
041 _aeng
050 _a692.8
110 _aJoint Contracts Tribunal
_93664
245 _aJCT standard form of building contract with contractor`s design 1981 edition: formula rules
260 _bRIBA
_c1980
300 _a20p. 30cm
350 _a0
520 _aFiled in box JCT 1980/20 A (Archives only)
942 _n0
948 _c04/03/1997
999 _c97568
_d97568